000 00839nam0a22002651 4500
001 v19\rc\1607795
005 20250618223145.0
035 _a(NLR Aleph) 004728820
090 _a4430559
_c4430559
100 _a20061002d1897 |||y0rusy50 ca
101 0 _arus
_ager
102 _aRU
105 _ae z |||||
200 1 _aГапсальский курорт
_eСпутник приезжего с подроб. пл. города
210 _aRiga
_cА. Коппель
_d1897
215 _a63 с., 1 л. пл.
_d19
300 _aТекст парал. на рус. и нем. яз.
710 0 2 _a"Гапсаль", курорт
_9737428
_3RU\NLR\AUTH\880537112
801 0 _aRU
_bNLR
_gpsbo
801 0 _aRU
_bRuMoRGB
_2psbo
801 1 _aRU
_bProSoft-M
_2rusmarc
852 _aNLR
_j18.298.6.79
942 _cBOOK
980 _aNB